Chas Storer Limited v Secretary of State for Communities and Local Government and Hertfordshire County Council (Record no. 81594)
[ view plain ]
| 000 -LEADER | |
|---|---|
| fixed length control field | 01736cad a22002055a 4500 |
| 001 - CONTROL NUMBER | |
| control field | E147649 |
| 008 - FIXED-LENGTH DATA ELEMENTS--GENERAL INFORMATION | |
| fixed length control field | 090602e20090515xxk 000 0 eng d |
| 035 ## - SYSTEM CONTROL NUMBER | |
| System control number | (Sirsi) u147649 |
| 041 0# - LANGUAGE CODE | |
| Language code of text/sound track or separate title | eng |
| 245 00 - TITLE STATEMENT | |
| Title | Chas Storer Limited v Secretary of State for Communities and Local Government and Hertfordshire County Council |
| Medium | [electronic resource] |
| 260 ## - PUBLICATION, DISTRIBUTION, ETC. | |
| Date of publication, distribution, etc. | 2009 |
| 520 ## - SUMMARY, ETC. | |
| Summary, etc. | [2009] EWHC 1071, 15 May 2009. Concerns an appeal under the Town and Country Planning Act 1990 S289 by Chas Storer Limited (C) against the decision of an inspector appointed by the SoS to dismiss C's appeal against an enforcement notice issued by Hertfordshire County Council (H) alleging a breach of planning control. The enforcement notice related to an alleged material change in the use of land used for waste processing by C, which arose from changes in the type of materials brought onto the site. The notice imposed requirements restricting the type of materials which could be processed, as well as the hours of operation and number of lorry movements to and from the site. "Held": appeal allowed. The alleged change of use did not involve hours of operation or increased vehicle movements, and these should not have been included in the enforcement notice. Referred back to SoS for re-hearing and determination. |
| 590 ## - LOCAL NOTE (RLIN) | |
| Local note | KA |
| 650 24 - SUBJECT ADDED ENTRY--TOPICAL TERM | |
| Topical term or geographic name entry element | TOWN AND COUNTRY PLANNING ACT 1990 S289 |
| 650 24 - SUBJECT ADDED ENTRY--TOPICAL TERM | |
| Topical term or geographic name entry element | CHAS STORER LTD V SOS AND HERTFORDSHIRE COUNTY COUNCIL |
| 651 #4 - SUBJECT ADDED ENTRY--GEOGRAPHIC NAME | |
| Geographic name | England and Wales |
| Chronological subdivision | 1543- |
| 690 ## - LOCAL SUBJECT ADDED ENTRY--TOPICAL TERM (OCLC, RLIN) | |
| Topical term or geographic name as entry element | ENVIRONMENTAL AND LAND CONSULTANCY-PLANNING AND DEVELOPMENT-DEVELOPMENT CONTROL-PLANNING ENFORCEMENT |
| 856 40 - ELECTRONIC LOCATION AND ACCESS | |
| Uniform Resource Identifier | <a href="https://www.bailii.org/ew/cases/EWHC/Admin/2009/1071.html">https://www.bailii.org/ew/cases/EWHC/Admin/2009/1071.html</a> |
| Public note | View the case free of charge at www.baillii.org... |
| 942 ## - ADDED ENTRY ELEMENTS (KOHA) | |
| Suppress in OPAC | 0 |
| Withdrawn status | Lost status | Source of classification or shelving scheme | Damaged status | Not for loan | Home library | Current library | Shelving location | Date acquired | Total Checkouts | Full call number | Barcode | Date last seen | Copy number | Price effective from | Koha item type |
|---|---|---|---|---|---|---|---|---|---|---|---|---|---|---|---|
| Dewey Decimal Classification | Virtual | Virtual | Online | 02/06/2009 | ONLINE PUBLICATION | 147649-2001 | 06/08/2019 | 1 | 06/08/2019 | Law report |